zpět

Detail výsledku týmu

Restaurace Balkán, Uherský Brod

Datum a čas kvízu

21.5 Celkem bodů Celkový počet nahraných bodů na tomto kvízu bez doplňovacích otázek.
3. Pořadí na kvízu Konečné umístění týmu na tomto kvízu.

Zaznamenané odpovědi

# Otázka Odpověď Body Výsledky
1. Krajský soud v Plzni začal min... 0
2. Minulé pondělí kolem desáté ho... 0
3. Britský režisér Dexter Fletche... 1
4. Škoda Auto představila nový ko... 0.5
5. Město Erzurum bylo vyřazeno ze... 0
6. Nyní se podíváme na komunální... 1
7. Výsledky voleb na pražský magi... 0
8. Dva z kandidátů posledních pre... 0.5
9. Kolik procent voličů navštívil... 1
10. Napište jméno volebního lídra... 0